全部音読みの市区町村 - Statistics

General Stats
  • This quiz has been taken 175 times
    105 since last reset
  • The average score is 100 of 338
Answer Stats
都道府県 市区町村 % Correct
京都府 京都市
62%
三重県 伊勢市
60%
和歌山県 海南市
60%
愛知県 愛西市
58%
石川県 加賀市
58%
三重県 伊賀市
56%
長崎市 雲仙市
56%
東京都 江東区
56%
愛知県 江南市
56%
山梨県 甲州市
54%
高知県 高知市
54%
佐賀県 佐賀市
54%
秋田県 仙北市
54%
沖縄県 那覇市
54%
熊本県 阿蘇市
52%
徳島県 阿波市
52%
愛媛県 伊予市
52%
島根県 雲南市
52%
福井市 越前市
52%
京都府 京丹後市
52%
山形県 新庄市
52%
宮城県 仙台市
52%
秋田県 大仙市
52%
沖縄県 南城市
52%
徳島県 阿南市
50%
静岡県 伊豆市
50%
千葉市 印西市
50%
大阪府 泉南市
50%
岐阜県 飛騨市
50%
新潟県 阿賀町
48%
福井市 越前町
48%
兵庫県 加東市
48%
岐阜県 岐阜市
48%
滋賀県 甲賀市
48%
千葉県 銚子市
48%
愛知県 東海市
48%
大阪府 阪南市
48%
広島県 | 東京都 府中市
48%
滋賀県 愛荘町
46%
愛知県 安城市
46%
静岡県 伊東市
46%
京都府 宇治市
46%
熊本県 宇土市
46%
岐阜県 下呂市
46%
愛媛県 西条市
46%
長崎県 佐世保市
46%
新潟県 佐渡市
46%
山口県 周南市
46%
新潟県 上越市
46%
愛媛県 西予市
46%
千葉県 匝瑳市
46%
静岡県 富士市
46%
北海道 北斗市
46%
岩手県 奥州市
44%
兵庫県 加西市
44%
京都府 京丹波町
44%
高知県 香南市
44%
山梨県 甲府市
44%
新潟県 三条市
44%
山梨県 中央市
44%
高知県 南国市
44%
山梨県 北杜市
44%
愛媛県 愛南町
42%
北海道 愛別町
42%
奈良県 宇陀市
42%
岐阜県 恵那市
42%
山梨県 甲斐市
42%
三重県 志摩市
42%
東京都 台東区
42%
大阪府 大東市
42%
高知県 土佐市
42%
宮崎県 日南市
42%
岐阜県 美濃市
42%
長崎県 壱岐市
40%
長野県 伊那市
40%
大分県 宇佐市
40%
香川県 観音寺市
40%
埼玉県 久喜市
40%
福岡県 久留米市
40%
静岡県 湖西市
40%
長崎県 五島市
40%
東京都 新宿区
40%
兵庫県 丹波市
40%
東京都 中央区
40%
愛媛県 東温市
40%
茨城県 東海村
40%
山梨県 | 青森県 | 鳥取県 南部町
40%
石川県 白山市
40%
岡山県 備前市
40%
岐阜県 美濃加茂市
40%
山口県 阿武町
38%
秋田県 羽後町
38%
岐阜県 郡上市
38%
滋賀県 湖南市
38%
和歌山県 新宮市
38%
鳥取県 大山町
38%
茨城県 筑西市
38%
長野県 阿南町
37%
神奈川県 開成町
37%
岩手県 久慈市
37%
茨城県 古河市
37%
千葉県 山武市
37%
香川県 善通寺市
37%
埼玉県 草加市
37%
東京都 多摩市
37%
愛知県 知多市
37%
宮城県 登米市
37%
広島県 府中町
37%
佐賀県 伊万里市
35%
愛媛県 鬼北町
35%
長崎県 西海市
35%
奈良県 三郷町
35%
東京都 調布市
35%
東京都 文京区
35%
滋賀県 栗東市
35%
奈良県 安堵町
33%
岐阜県 安八町
33%
鹿児島県 伊佐市
33%
福岡県 宇美町
33%
大阪府 河南町
33%
新潟県 加茂市
33%
千葉県 鋸南町
33%
奈良県 五條市
33%
岡山県 新庄村
33%
神奈川県 逗子市
33%
岡山県 総社市
33%
高知県 東洋町
33%
石川県 能登町
33%
大分県 別府市
33%
鹿児島県 宇検村
31%
福井県 永平寺町
31%
岐阜県 岐南町
31%
東京都 国分寺市
31%
新潟県 五泉市
31%
鹿児島県 薩摩川内市
31%
愛媛県 四国中央市
31%
鹿児島県 志布志市
31%
茨城県 常総市
31%
山形県 庄内町
31%
福島県 | 群馬県 昭和村
31%
岐阜県 土岐市
31%
高知県 土佐町
31%
茨城県 坂東市
31%
愛知県 碧南市
31%
山口県 防府市
31%
埼玉県 本庄市
31%
秋田県 由利本荘市
31%
長野県 阿智村
29%
北海道 遠別町
29%
島根県 邑南町
29%
徳島県 海陽町
29%
岐阜県 可児市
29%
宮城県 加美町
29%
三重県 紀北町
29%
高知県 芸西村
29%
福岡県 桂川町
29%
熊本県 合志市
29%
北海道 士別市
29%
京都府 城陽市
29%
山梨県 昭和町
29%
広島県 神石高原町
29%
福島県 相馬市
29%
宮城県 多賀城市
29%
福岡県 筑後市
29%
福岡県 筑前町
29%
千葉県 長生村
29%
奈良県 天理市
29%
栃木県 那須町
29%
京都府 南丹市
29%
山形県 南陽市
29%
石川県 能美市
29%
福岡県 豊前市
29%
大分県 由布市
29%
岡山県 和気町
29%
埼玉県 和光市
29%
愛知県 阿久比町
27%
埼玉県 伊奈町
27%
北海道 雨竜町
27%
山形県 河北町
27%
福岡県 嘉麻市
27%
群馬県 甘楽町
27%
佐賀県 江北町
27%
福岡県 古賀市
27%
宮崎県 西都市
27%
長野県 佐久市
27%
兵庫県 新温泉町
27%
滋賀県 多賀町
27%
山形県 天童市
27%
福島県 磐梯町
27%
北海道 美唄市
27%
北海道 別海町
27%
新潟県 妙高市
27%
三重県 紀宝町
25%
北海道 京極町
25%
北海道 共和町
25%
千葉県 九十九里町
25%
愛媛県 久万高原町
25%
和歌山県 高野町
25%
北海道 初山別村
25%
北海道 壮瞥町
25%
鹿児島県 曽於市
25%
新潟県 胎内市
25%
佐賀県 多久市
25%
千葉県 多古町
25%
千葉県 長南町
25%
茨城県 那珂市
25%
北海道 紋別市
25%
宮城県 利府町
25%
滋賀県 竜王町
25%
北海道 礼文町
25%
鹿児島県 伊仙町
23%
群馬県 邑楽町
23%
鹿児島県 錦江町
23%
岡山県 久米南町
23%
和歌山県 御坊市
23%
長崎県 佐々町
23%
宮城県 大和町
23%
鳥取県 智頭町
23%
鳥取県 日南町
23%
富山県 入善町
23%
鳥取県 伯耆町
23%
山口県 美祢市
23%
徳島県 美馬市
23%
北海道 留寿都村
23%
熊本県 苓北町
23%
沖縄県 恩納村
21%
熊本県 菊池市
21%
岡山県 吉備中央町
21%
佐賀県 玄海町
21%
奈良県 広陵町
21%
福岡県 新宮町
21%
京都府 精華町
21%
新潟県 聖籠町
21%
福岡県 太宰府市
21%
愛知県 知立市
21%
千葉県 東庄町
21%
群馬県 南牧村
21%
岩手県 普代村
21%
北海道 北竜町
21%
兵庫県 養父市
21%
鹿児島県 与論町
21%
埼玉県 嵐山町
21%
奈良県 王寺町
19%
熊本県 菊陽町
19%
鳥取県 江府町
19%
奈良県 御所市
19%
石川県 志賀町
19%
北海道 積丹町
19%
岩手県 紫波町
19%
群馬県 榛東村
19%
北海道 寿都町
19%
兵庫県 | 大阪府 太子町
19%
和歌山県 太地町
19%
兵庫県 多可町
19%
埼玉県 秩父市
19%
山梨県 都留市
19%
青森県 東北町
19%
岡山県 奈義町
19%
栃木県 日光市
19%
東京都 八丈町
19%
秋田県 八峰町
19%
埼玉県 飯能市
19%
山形県 遊佐町
19%
北海道 陸別町
19%
沖縄県 金武町
17%
大分県 玖珠町
17%
福島県 新地町
17%
三重県 大紀町
17%
島根県 知夫村
17%
愛知県 東郷町
17%
北海道 当別町
17%
東京都 八王子市
17%
北海道 美瑛町
17%
北海道 比布町
17%
鳥取県 北栄町
17%
鹿児島県 喜界町
15%
北海道 喜茂別町
15%
熊本県 玉東町
15%
北海道 斜里町
15%
青森県 新郷村
15%
福岡県 築上町
15%
三重県 東員町
15%
北海道 洞爺湖町
15%
愛知県 日進市
15%
北海道 本別町
15%
北海道 幕別町
15%
茨城県 美浦村
15%
北海道 湧別町
15%
福岡県 遠賀町
13%
熊本県 球磨村
13%
茨城県 五霞町
13%
福岡県 志免町
13%
北海道 新得町
13%
高知県 宿毛市
13%
宮崎県 都農町
13%
長野県 天龍村
13%
大阪府 能勢町
13%
長野県 白馬村
13%
三重県 | 群馬県 明和町
13%
鹿児島県 湧水町
13%
北海道 留別村
13%
兵庫県 佐用町
12%
広島県 世羅町
12%
三重県 多気町
12%
北海道 秩父別町
12%
福島県 天栄村
12%
愛知県 東栄町
12%
山梨県 道志村
12%
北海道 当麻町
12%
香川県 土庄町
12%
徳島県 那賀町
12%
熊本県 南関町
12%
栃木県 芳賀町
12%
宮城県 蔵王町
10%
北海道 色丹村
10%
岡山県 勝央町
10%
奈良県 曽爾村
10%
長野県 筑北村
10%
福岡県 東峰村
10%
高知県 奈半利町
10%
愛知県 扶桑町
10%
徳島県 牟岐町
10%
北海道 紗那村
8%
岐阜県 養老町
8%
高知県 越知町
6%
北海道 倶知安町
6%
熊本県 甲佐町
6%
宮城県 色麻町
6%
宮城県 七ヶ宿町
6%
岐阜県 七宗町
6%
長野県 信濃町
4%
福岡県 福智町
0%
No matching quizzes found
Score Distribution
Percent of People with Each Score
Percentile by Number Answered
Your Score History
You have not taken this quiz since the last reset